| 000 | 00785nam a2200241 a 4500 | ||
|---|---|---|---|
| 001 | BRCA_720 | ||
| 005 | 20190320203123.0 | ||
| 008 | 030411s2003 sp-a---##b---#001-0#spa-d | ||
| 020 | _a8476355424 | ||
| 040 |
_aDLC _cDLC |
||
| 050 | 4 |
_aNE850 _b.V58 2003 |
|
| 100 | 1 |
_aVives i Piqué, Rosa _91703 |
|
| 245 | 1 | 0 |
_aGuía para la identificación de grabados _cRosa Vives Piqué. |
| 260 |
_aMadrid _bArco Libros _c2003 |
||
| 300 |
_a319 p. _bil. _c21 cm. |
||
| 440 | 0 |
_aInstrumenta Bibliológica _92368 |
|
| 500 | _aIncluye glosario, léxico español-francés-inglés e índice de téminos específicos | ||
| 500 | _a2do. ejemplar en el Área de Investigación | ||
| 504 | _aBibliografía : p. 233-288 | ||
| 650 | 1 | 4 |
_aGrabados _vGuías _xTécnica _92369 |
| 902 | _aREF | ||
| 942 |
_2lcc _cB |
||
| 999 |
_c621 _d621 |
||